ORBANS HISTOLOGY AND EMBRYOLOGY (Record no. 2676)

MARC details
000 -LEADER
fixed length control field 00390nam a2200145Ia 4500
008 - FIXED-LENGTH DATA ELEMENTS--GENERAL INFORMATION
fixed length control field 150201s1997 xx 000 0 und d
082 ## - DEWEY DECIMAL CLASSIFICATION NUMBER
Classification number 617
Item number O2002B
100 ## - MAIN ENTRY--PERSONAL NAME
Personal name ARMITAGE,JAMES.K.
245 ## - TITLE STATEMENT
Title ORBANS HISTOLOGY AND EMBRYOLOGY
250 ## - EDITION STATEMENT
Edition statement 11TH
260 ## - PUBLICATION, DISTRIBUTION, ETC. (IMPRINT)
Name of publisher, distributor, etc. HARCOURT INDIA PRIVATE LIMITED
Place of publication, distribution, etc. GREATER KAILASH -2
Date of publication, distribution, etc. 1997
300 ## - PHYSICAL DESCRIPTION
Extent 1-489
650 ## - SUBJECT ADDED ENTRY--TOPICAL TERM
Topical term or geographic name as entry element DENTAL ANATOMY
942 ## - ADDED ENTRY ELEMENTS (KOHA)
Source of classification or shelving scheme Dewey Decimal Classification
Koha item type Books
Koha issues (borrowed), all copies 1
Holdings
Withdrawn status Lost status Source of classification or shelving scheme Damaged status Not for loan Home library Current library Date acquired Source of acquisition Cost, normal purchase price Serial Enumeration / chronology SGTU Bill Number Total Checkouts Full call number Barcode Date last seen Date last checked out Bill Date Koha item type
    Dewey Decimal Classification     SGT Dental Library SGT Dental Library 13/07/2003 U.B.S.DELHI 295.00 1 SGTU 279 3 617 O2002B FD941 10/02/2017 09/02/2017 09/02/2012 Books
weeded-out   Dewey Decimal Classification     SGT Dental Library SGT Dental Library 13/07/2003 U.B.S.DELHI 295.00 1 SGTU 279   617 O2002B FD942 09/02/2015   09/02/2012 Books
    Dewey Decimal Classification     SGT Dental Library SGT Dental Library 13/07/2003 U.B.S.DELHI 295.00 1 SGTU 279   617 O2002B FD943 09/02/2015   09/02/2012 Books
weeded-out   Dewey Decimal Classification     SGT Dental Library SGT Dental Library 13/07/2003 U.B.S.DELHI 295.00 1 SGTU 279   617 O2002B FD944 09/02/2015   09/02/2012 Books
    Dewey Decimal Classification     SGT Dental Library SGT Dental Library 13/07/2003 U.B.S.DELHI 295.00 1 SGTU 279 2 617 O2002B FD945 23/01/2016 14/12/2015 09/02/2012 Books